| 000 | 00698nam a22002057a 4500 | ||
|---|---|---|---|
| 005 | 20100806104449.0 | ||
| 010 | _aENG-98703 | ||
| 020 |
_c80.00 _a9788190979721 |
||
| 035 | _aEN-82235 | ||
| 037 | _bDBAD/PUB | ||
| 082 | _a620.5 | ||
| 100 |
_aVenmathi, K. _97688 |
||
| 245 |
_aNanotechnology : _cby K. Venmathi _bfundamentals through advanced / |
||
| 260 |
_aCoimbatore _bQ Book _c2008 |
||
| 270 |
_a142, Jani Jan Khan Road, Royapettah _bCoimbatore _e641018 |
||
| 300 |
_a104 p. _c22 cm. (Pbk) |
||
| 700 | _97380 | ||
| 942 |
_2ddc _cEN _h620.5 _mVEN |
||
| 999 |
_c39741 _d39741 |
||